[Event "BL 2425 SK Kirchweyhe - FC Bayern Münch"]
[Site "?"]
[Date "2024.12.01"]
[Round "4.4"]
[White "Kadric, Denis"]
[Black "Dragnev, Valentin"]
[Result "1/2-1/2"]
[WhiteElo "2544"]
[BlackElo "2563"]
[PlyCount "52"]
[EventDate "2024.??.??"]

1. e4 e5 2. Nf3 Nc6 3. Bc4 Bc5 4. c3 Nf6 5. d3 a6 6. Bg5 h6 7. Bh4 d6 8. Nbd2 Ba7 9. a4 Qe7 10. O-O Be6 11. b4 O-O 12. Re1 Bxc4 13. Nxc4 Qe6 14. b5 axb5 15. axb5 Ne7 16. Ra4 Bb6 17. d4 Ng6 18. Bg3 Nd7 19. Qa1 Rxa4 20. Qxa4 f6 21. h3 Kh7 22. Ra1 Re8 23. Qb4 exd4 24. cxd4 f5 25. exf5 Qxf5 26. Rc1 Kh8 1/2-1/2

[Event "BL 2425 SK Kirchweyhe - FC Bayern Münch"]
[Site "?"]
[Date "2024.12.01"]
[Round "4.5"]
[White "Alonso Rosell, Alvar"]
[Black "Markus, Robert"]
[Result "1/2-1/2"]
[WhiteElo "2532"]
[BlackElo "2591"]
[PlyCount "52"]
[EventDate "2024.??.??"]

1. d4 Nf6 2. Bg5 c5 3. Bxf6 gxf6 4. d5 Qb6 5. Qc1 f5 6. c4 Bg7 7. Nc3 d6 8. e3 Nd7 9. Qc2 Nf6 10. Bd3 e5 11. Rb1 e4 12. Be2 Qc7 13. Nh3 Qe7 14. Nf4 Bd7 15. O-O O-O 16. b4 b6 17. bxc5 bxc5 18. Rb7 Rfb8 19. Rfb1 Qd8 20. Qb3 Rxb7 21. Qxb7 Ne8 22. Nb5 Rb8 23. Qxa7 Ra8 24. Qb7 Rb8 25. Qa7 Ra8 26. Qb7 Rb8 1/2-1/2

[Event "BL 2425 SK Kirchweyhe - FC Bayern Münch"]
[Site "?"]
[Date "2024.12.01"]
[Round "4.8"]
[White "Kovacevic, Aleksandar"]
[Black "Johansson, Linus"]
[Result "1-0"]
[WhiteElo "2444"]
[BlackElo "2412"]
[PlyCount "107"]
[EventDate "2024.??.??"]

1. e4 c5 2. Nf3 d6 3. d4 cxd4 4. Nxd4 Nf6 5. Nc3 a6 6. Be3 e5 7. Nf3 Be7 8. Bc4 Be6 9. Bb3 O-O 10. O-O h6 11. Nh4 Nbd7 12. Nf5 Nc5 13. Bd5 Rc8 14. f3 b5 15. a3 Na4 16. Nxa4 bxa4 17. Bxe6 fxe6 18. Nxe7+ Qxe7 19. c3 Rc4 20. Qe2 Rfc8 21. Rad1 R4c6 22. Rd3 Qb7 23. Rfd1 Qb5 24. R1d2 Ne8 25. h4 Qb7 26. Qe1 Kh7 27. Qg3 Qf7 28. Qh3 Rb8 29. Rf2 Rb5 30. Rc2 Rc4 31. Qg3 Qg6 32. Qxg6+ Kxg6 33. Kf1 Kf7 34. Ke1 d5 35. exd5 exd5 36. Rcd2 Ke6 37. Bf2 Nd6 38. Re2 Nf7 39. h5 Rc6 40. f4 e4 41. Rg3 Rc7 42. Rxg7 Rcb7 43. c4 Rb3 44. Rg6+ Kd7 45. c5 Nd8 46. Rd2 Rxb2 47. Rxd5+ Kc8 48. Rxa6 Kc7 49. Rxa4 Ra2 50. Rd2 Ra1+ 51. Ke2 Nc6 52. Rxe4 Rxa3 53. Re6 Rb4 54. g3 1-0

[Event "BL 2425 SV Mülheim Nord - SV Deggendorf"]
[Site "?"]
[Date "2024.12.01"]
[Round "4.1"]
[White "Bogosavljevic, Boban"]
[Black "Navara, David"]
[Result "0-1"]
[WhiteElo "2480"]
[BlackElo "2665"]
[PlyCount "58"]
[EventDate "2024.??.??"]

1. Nf3 g6 2. g3 Bg7 3. d4 c5 4. c3 Qa5 5. Nbd2 cxd4 6. Nb3 Qb6 7. cxd4 Nf6 8. Bg2 O-O 9. O-O d5 10. Bf4 Bf5 11. Rc1 Nc6 12. Ne5 Rfc8 13. Nxc6 Rxc6 14. Rxc6 Qxc6 15. Qd2 b6 16. Qb4 a5 17. Qxe7 Re8 18. Qa7 Rxe2 19. Rc1 Qe6 20. Qa8+ Qe8 21. Qxe8+ Nxe8 22. Bf1 Rxb2 23. Bb5 Nf6 24. Rc6 h5 25. Rxb6 Ng4 26. Bd2 Rxa2 27. Rb8+ Kh7 28. Be8 a4 29. Bxf7 Nf6 0-1

[Event "BL 2425 SV Mülheim Nord - SV Deggendorf"]
[Site "?"]
[Date "2024.12.01"]
[Round "4.2"]
[White "Fridman, Daniel"]
[Black "Delchev, Aleksander"]
[Result "1-0"]
[WhiteElo "2571"]
[BlackElo "2464"]
[PlyCount "97"]
[EventDate "2024.??.??"]

1. Nf3 d5 2. g3 Nf6 3. Bg2 e6 4. O-O Be7 5. d4 O-O 6. c4 c6 7. Qc2 b6 8. Rd1 Bb7 9. b3 Nbd7 10. Nc3 Ba6 11. Nd2 b5 12. e3 Qc8 13. cxb5 cxb5 14. a3 b4 15. axb4 Bxb4 16. Bb2 Qb7 17. Ba3 Rfc8 18. Bxb4 Qxb4 19. Rdc1 Bb5 20. Qb2 a5 21. Nxb5 Qxb5 22. Bf1 Qb6 23. Rxc8+ Rxc8 24. Qa2 g6 25. Qxa5 Qxa5 26. Rxa5 Rc2 27. Nf3 Rb2 28. Ra8+ Nf8 29. Ne5 Rxb3 30. Ra7 Rb1 31. f3 Rb3 32. Kf2 Rb2+ 33. Be2 Rc2 34. Rxf7 Ne8 35. Re7 Nd6 36. Ng4 Rb2 37. Nh6+ Kh8 38. Rc7 Rb7 39. Nf7+ Kg8 40. Nh6+ Kh8 41. Rxb7 Nxb7 42. g4 Kg7 43. g5 Nd6 44. Kg3 Nd7 45. Kf4 Kf8 46. e4 dxe4 47. fxe4 Nf7 48. Nxf7 Kxf7 49. Bb5 1-0

[Event "BL 2425 SV Mülheim Nord - SV Deggendorf"]
[Site "?"]
[Date "2024.12.01"]
[Round "4.3"]
[White "Popovic, Dusan"]
[Black "Vrolijk, Liam"]
[Result "1/2-1/2"]
[WhiteElo "2485"]
[BlackElo "2510"]
[PlyCount "43"]
[EventDate "2024.??.??"]

1. Nf3 d5 2. g3 Nf6 3. Bg2 c5 4. O-O g6 5. b3 Bg7 6. Bb2 Nc6 7. Ne5 Nxe5 8. Bxe5 O-O 9. c4 d4 10. e3 Ng4 11. Bxg7 Kxg7 12. exd4 Qxd4 13. Nc3 Rd8 14. Nd5 Ne5 15. h3 Nc6 16. Re1 e6 17. Re4 Qb2 18. Rb1 Qxa2 19. Ra1 Qb2 20. Rb1 Qa2 21. Ra1 Qb2 22. Rb1 1/2-1/2

[Event "BL 2425 SV Mülheim Nord - SV Deggendorf"]
[Site "?"]
[Date "2024.12.01"]
[Round "4.4"]
[White "Beerdsen, Thomas"]
[Black "Sedlak, Nikola"]
[Result "1-0"]
[WhiteElo "2502"]
[BlackElo "2459"]
[PlyCount "77"]
[EventDate "2024.??.??"]

1. e4 e6 2. d4 d5 3. Nc3 dxe4 4. Nxe4 Be7 5. Bd3 Nf6 6. Nxf6+ Bxf6 7. Nf3 Bd7 8. O-O Bc6 9. Re1 Bxf3 10. Qxf3 c6 11. c3 O-O 12. Bf4 Nd7 13. Rad1 Re8 14. Bb1 Nf8 15. g3 Bg5 16. Bxg5 Qxg5 17. Re4 Qb5 18. Rd2 Rad8 19. Rde2 c5 20. Re5 Qa4 21. Bc2 Qxa2 22. Rxc5 Re7 23. Qf4 Qa6 24. Re1 Qd6 25. Qh4 h6 26. Rh5 Rdd7 27. Qg4 Kh8 28. Ree5 f6 29. Re3 b6 30. Qf3 Rd8 31. Rh4 f5 32. Qh5 Nh7 33. Re5 Rf8 34. Qe2 Ng5 35. Rh5 Rf6 36. f4 Nf7 37. Rh3 g6 38. g4 Qc7 39. g5 1-0

[Event "BL 2425 SV Mülheim Nord - SV Deggendorf"]
[Site "?"]
[Date "2024.12.01"]
[Round "4.6"]
[White "Zelbel, Patrick"]
[Black "Tilicheev, Viacheslav"]
[Result "1/2-1/2"]
[WhiteElo "2491"]
[BlackElo "2439"]
[PlyCount "57"]
[EventDate "2024.??.??"]

1. e4 e6 2. d4 d5 3. e5 c5 4. c3 Nc6 5. Nf3 Bd7 6. Be2 Nge7 7. O-O Ng6 8. g3 Be7 9. h4 O-O 10. h5 Nh8 11. dxc5 Bxc5 12. c4 f6 13. cxd5 Nxe5 14. Nxe5 fxe5 15. Nc3 Bd4 16. Bc4 b5 17. Bb3 exd5 18. Nxd5 Nf7 19. Be3 Bxe3 20. Nxe3 Kh8 21. Bxf7 Rxf7 22. Qd5 Qe8 23. Rac1 Be6 24. Qxe5 Bxa2 25. Qc3 Qe6 26. Qd3 a6 27. Rc5 Raf8 28. Qc3 Qh3 29. b3 1/2-1/2

[Event "BL 2425 SV Mülheim Nord - SV Deggendorf"]
[Site "?"]
[Date "2024.12.01"]
[Round "4.7"]
[White "Miljkovic, Miroslav D"]
[Black "Feygin, Michael"]
[Result "0-1"]
[WhiteElo "2422"]
[BlackElo "2446"]
[PlyCount "168"]
[EventDate "2024.??.??"]

1. d4 Nf6 2. c4 c5 3. d5 e6 4. Nc3 exd5 5. cxd5 d6 6. Nf3 g6 7. Bf4 a6 8. a4 Bg7 9. h3 O-O 10. e3 Re8 11. Nd2 Nbd7 12. Be2 Ne5 13. Bh2 Qe7 14. O-O Nfd7 15. Qc2 f5 16. Rae1 Nf6 17. Kh1 Rb8 18. Nc4 Nxc4 19. Bxc4 Ne4 20. a5 b5 21. axb6 Rxb6 22. Nxe4 fxe4 23. b3 Bd7 24. f3 Bb5 25. Bxb5 axb5 26. fxe4 Qxe4 27. Qd1 Ra6 28. Rf4 Qe7 29. Qd3 Ra5 30. Rf3 b4 31. Ref1 Be5 32. Bf4 Bxf4 33. exf4 Qe4 34. Qxe4 Rxe4 35. f5 g5 36. Rg3 h6 37. Rg4 Rxg4 38. hxg4 Ra3 39. Rb1 Kf7 40. Kg1 Kf6 41. Kf2 Ra2+ 42. Kf3 Rd2 43. Re1 Rxd5 44. Re6+ Kg7 45. Rg6+ Kh7 46. Re6 Rd3+ 47. Ke4 Rd4+ 48. Ke3 Rxg4 49. Rxd6 Rxg2 50. Rd7+ Kg8 51. Rc7 Rg4 52. Rxc5 Rf4 53. Rc6 Kg7 54. Rg6+ Kh7 55. Rf6 Kg7 56. Rg6+ Kh7 57. Rf6 h5 58. Rf7+ Kg8 59. Rf6 Kh7 60. Rf7+ Kg8 61. Rf6 Rg4 62. Kf3 Kg7 63. Rg6+ Kf7 64. Rb6 Rf4+ 65. Kg2 h4 66. Kh2 Rxf5 67. Rxb4 Kg6 68. Rc4 Rf2+ 69. Kg1 Rb2 70. b4 Kh5 71. Rd4 h3 72. b5 g4 73. Rd5+ Kh4 74. Rd4 Rxb5 75. Kh2 Rb2+ 76. Kg1 Kg5 77. Rd5+ Kf4 78. Rd4+ Kf5 79. Rd3 Ke4 80. Rc3 Rd2 81. Rg3 Kf4 82. Ra3 g3 83. Ra1 Ke3 84. Ra3+ Rd3 0-1

[Event "BL 2425 SV Mülheim Nord - SV Deggendorf"]
[Site "?"]
[Date "2024.12.01"]
[Round "4.8"]
[White "Dinstuhl, Volkmar"]
[Black "Krstic, Petar"]
[Result "1/2-1/2"]
[WhiteElo "2380"]
[BlackElo "2270"]
[PlyCount "127"]
[EventDate "2024.??.??"]

1. b3 d5 2. Bb2 c5 3. e3 a6 4. Nf3 Nc6 5. d4 cxd4 6. Nxd4 e6 7. Nxc6 bxc6 8. Nd2 Nf6 9. Bd3 a5 10. O-O Bd6 11. e4 Qc7 12. Bxf6 gxf6 13. Qh5 Bf4 14. Nf3 dxe4 15. Bxe4 f5 16. Bd3 c5 17. Rfe1 Kf8 18. g3 Rg8 19. Bf1 Bb7 20. Bg2 Bd6 21. Ng5 Rg6 22. Bxb7 Qxb7 23. Rad1 Qc7 24. Rd3 Rd8 25. Nf3 Kg7 26. Red1 Be7 27. Rxd8 Bxd8 28. Nd2 f4 29. Ne4 fxg3 30. hxg3 Be7 31. Qf3 f5 32. Nd2 f4 33. Ne4 fxg3 34. fxg3 Qc6 35. Rf1 Qe8 36. Qc3+ Kg8 37. Qe5 a4 38. Kg2 Qa8 39. Qf4 axb3 40. axb3 Rg7 41. Rf3 h5 42. Kh2 Qa6 43. Rf2 Qa1 44. Nf6+ Bxf6 45. Qxf6 Qxf6 46. Rxf6 c4 47. Rxe6 cxb3 48. cxb3 Rb7 49. Re3 Rb4 50. Kg2 h4 51. gxh4 Rxh4 52. Rf3 Kg7 53. Kf2 Re4 54. Re3 Rd4 55. Ke2 Kf6 56. Rh3 Ke5 57. Rh5+ Kd6 58. Rb5 Kc6 59. Ra5 Rb4 60. Ra3 Rd4 61. Ke3 Rd8 62. Ra4 Kc5 63. Rh4 Rd1 64. Rc4+ 1/2-1/2

[Event "BL 2425 USV TU Dresden - OSG Baden-Baden"]
[Site "?"]
[Date "2024.12.01"]
[Round "4.1"]
[White "Vachier-Lagrave, Maxime"]
[Black "Nguyen, Thai Dai Van"]
[Result "1/2-1/2"]
[WhiteElo "2731"]
[BlackElo "2673"]
[PlyCount "42"]
[EventDate "2024.??.??"]

1. e4 e5 2. Nf3 Nc6 3. Bb5 a6 4. Ba4 Nf6 5. O-O Bc5 6. c3 O-O 7. d4 Ba7 8. dxe5 Nxe4 9. Qd5 Nc5 10. Bc2 Ne7 11. Qd4 d6 12. Bg5 h6 13. Qh4 Re8 14. Bxe7 Qxe7 15. Qxe7 Rxe7 16. exd6 cxd6 17. Nbd2 Bd7 18. Rfe1 Rae8 19. Rxe7 Rxe7 20. Re1 Rxe1+ 21. Nxe1 Kf8 1/2-1/2

[Event "BL 2425 USV TU Dresden - OSG Baden-Baden"]
[Site "?"]
[Date "2024.12.01"]
[Round "4.3"]
[White "Deac, Bogdan-Daniel"]
[Black "Vogel, Roven"]
[Result "1-0"]
[WhiteElo "2696"]
[BlackElo "2545"]
[PlyCount "93"]
[EventDate "2024.??.??"]

1. e4 e5 2. Nf3 Nc6 3. Bb5 a6 4. Ba4 Nf6 5. O-O Be7 6. d3 b5 7. Bb3 O-O 8. Nc3 d6 9. a3 h6 10. Be3 Re8 11. h3 Bf8 12. Re1 Rb8 13. Nd2 Ne7 14. f4 exf4 15. Bxf4 Ng6 16. Bg3 c5 17. Qf3 Be6 18. Kh1 Nd7 19. Qf2 Nge5 20. Ba2 Rc8 21. Rf1 Nb6 22. Bxe6 fxe6 23. a4 b4 24. Bxe5 dxe5 25. Nd1 Be7 26. a5 Nd7 27. Nc4 Rf8 28. Qe2 Rxf1+ 29. Qxf1 Bg5 30. g3 Qe7 31. Qe2 Nb8 32. Nf2 Nc6 33. c3 Rb8 34. h4 Bf6 35. Ng4 bxc3 36. bxc3 Rb3 37. Qc2 Rb5 38. Rf1 Kh7 39. Qa2 Qd8 40. Nce3 Qxd3 41. Nxf6+ gxf6 42. Qxe6 Qxe4+ 43. Kh2 Rb7 44. Rxf6 Rb2+ 45. Kh3 Qh1+ 46. Kg4 Qe4+ 47. Kh5 1-0

[Event "BL 2425 USV TU Dresden - OSG Baden-Baden"]
[Site "?"]
[Date "2024.12.01"]
[Round "4.4"]
[White "Nisipeanu, Liviu-Dieter"]
[Black "Bacrot, Etienne"]
[Result "1/2-1/2"]
[WhiteElo "2596"]
[BlackElo "2645"]
[PlyCount "77"]
[EventDate "2024.??.??"]

1. e4 e6 2. d4 d5 3. e5 c5 4. Nf3 Nc6 5. Bd3 Nxd4 6. Nxd4 cxd4 7. O-O Ne7 8. Nd2 Nc6 9. Re1 Bd7 10. a3 a5 11. Qg4 h5 12. Qg3 h4 13. Qg4 h3 14. Nf3 hxg2 15. Bf4 a4 16. Kxg2 Qb6 17. Rab1 Na5 18. Ng5 Bb5 19. Bg6 fxg6 20. Nxe6 g5 21. Bxg5 Bd7 22. Nxg7+ Bxg7 23. e6 Bb5 24. Qf5 Qc7 25. Qg6+ Kf8 26. e7+ Kg8 27. Qe6+ Kh7 28. Qf5+ Kg8 29. Qe6+ Kh7 30. Qf5+ Kg8 31. Qxd5+ Kh7 32. Qe4+ Kg8 33. Qe6+ Kh7 34. Qe4+ Kg8 35. Qe6+ Kh7 36. Qf5+ Kg8 37. Qd5+ Kh7 38. Qf5+ Kg8 39. Qd5+ 1/2-1/2

[Event "BL 2425 USV TU Dresden - OSG Baden-Baden"]
[Site "?"]
[Date "2024.12.01"]
[Round "4.6"]
[White "Hoffmann, Paul"]
[Black "Movsesian, Sergei"]
[Result "0-1"]
[WhiteElo "2375"]
[BlackElo "2602"]
[PlyCount "60"]
[EventDate "2024.??.??"]

1. e4 c5 2. Nf3 Nc6 3. g3 Nf6 4. Nc3 d5 5. exd5 Nxd5 6. Bg2 g6 7. O-O Bg7 8. Re1 Nc7 9. d3 O-O 10. Nd2 Bd7 11. Nc4 Qc8 12. Ne3 Re8 13. Ne4 b6 14. c3 Qa6 15. Bf1 Qb7 16. Bg2 Rad8 17. a3 Qa6 18. Bf1 Qc8 19. b4 Ne5 20. f4 Bc6 21. fxe5 Bxe4 22. Qc2 Ba8 23. bxc5 Bxe5 24. d4 Bg7 25. cxb6 axb6 26. Bb2 e5 27. Rad1 Bf3 28. Rc1 Ne6 29. Qf2 Bb7 30. Bb5 Ng5 0-1

[Event "BL 2425 USV TU Dresden - OSG Baden-Baden"]
[Site "?"]
[Date "2024.12.01"]
[Round "4.7"]
[White "Hagner, Bennet"]
[Black "Loxine, Jakov"]
[Result "1-0"]
[WhiteElo "2384"]
[BlackElo "2395"]
[PlyCount "89"]
[EventDate "2024.??.??"]

1. e4 c5 2. Nc3 Nc6 3. Nge2 g6 4. d4 cxd4 5. Nxd4 Bg7 6. Be3 Nf6 7. Bc4 O-O 8. Bb3 Re8 9. Nxc6 dxc6 10. h3 Qxd1+ 11. Rxd1 Nd7 12. O-O b6 13. Rd2 Nf8 14. Rfd1 Be6 15. f4 Bxc3 16. bxc3 f5 17. exf5 gxf5 18. g4 Bxb3 19. axb3 Ne6 20. Rd7 Kf7 21. Kf2 Kf6 22. Ra1 a6 23. Rb7 b5 24. Rb6 Rec8 25. Raxa6 Rxa6 26. Rxa6 h6 27. Kf3 Kg6 28. Ra7 Rc7 29. Ra8 Rd7 30. Rg8+ Kf6 31. Rh8 Kg7 32. Rc8 Rc7 33. Rb8 Kg6 34. Bb6 Rd7 35. Rg8+ Kf6 36. Rh8 Kg6 37. Rg8+ Kf6 38. Rc8 Rd2 39. Rxc6 Rxc2 40. Bd4+ Kf7 41. Be5 b4 42. gxf5 Ng7 43. f6 Ne6 44. fxe7 bxc3 45. Rxe6 1-0

[Event "BL 2425 SF Bad Mergentheim - Schachfreun"]
[Site "?"]
[Date "2024.12.01"]
[Round "4.1"]
[White "Kollars, Dmitrij"]
[Black "Kazakouski, Valery"]
[Result "1/2-1/2"]
[WhiteElo "2638"]
[BlackElo "2567"]
[PlyCount "71"]
[EventDate "2024.??.??"]

1. e4 e5 2. Nf3 Nc6 3. Bc4 Bc5 4. c3 Nf6 5. d4 exd4 6. e5 d5 7. Bb5 Ne4 8. cxd4 Bb6 9. Nc3 O-O 10. Be3 f5 11. O-O Ne7 12. Ne2 Ng6 13. g3 Bd7 14. Bd3 Qe8 15. Ne1 h6 16. Ng2 c5 17. dxc5 Nxc5 18. f4 Rd8 19. Nd4 Nxd3 20. Qxd3 Bxd4 21. Qxd4 Bb5 22. Rfc1 Ne7 23. Rc7 Nc6 24. Qc5 Be2 25. Bd4 Rf7 26. Rxf7 Qxf7 27. Qc3 Qe6 28. Kf2 Ba6 29. Rc1 Rc8 30. Ne3 b6 31. Qd2 Kh7 32. h4 Qg6 33. Qd1 Nxd4 34. h5 Qf7 35. Rxc8 Bxc8 36. Qxd4 1/2-1/2

[Event "BL 2425 SF Bad Mergentheim - Schachfreun"]
[Site "?"]
[Date "2024.12.01"]
[Round "4.2"]
[White "Laurusas, Tomas"]
[Black "Bluebaum, Matthias"]
[Result "1/2-1/2"]
[WhiteElo "2578"]
[BlackElo "2650"]
[PlyCount "41"]
[EventDate "2024.??.??"]

1. d4 Nf6 2. c4 e6 3. Nf3 d5 4. Nc3 c6 5. e3 Nbd7 6. Be2 Bd6 7. O-O O-O 8. b3 b6 9. Bb2 Bb7 10. Bd3 Re8 11. Re1 h6 12. Qe2 c5 13. cxd5 exd5 14. Ba6 Qc8 15. Bxb7 Qxb7 16. Red1 Red8 17. Rac1 Rac8 18. h3 Bb8 19. Rc2 a6 20. dxc5 bxc5 21. Na4 1/2-1/2

[Event "BL 2425 SF Bad Mergentheim - Schachfreun"]
[Site "?"]
[Date "2024.12.01"]
[Round "4.3"]
[White "Dardha, Daniel"]
[Black "Rakotomaharo, Fy Antenaina"]
[Result "1-0"]
[WhiteElo "2639"]
[BlackElo "2429"]
[PlyCount "107"]
[EventDate "2024.??.??"]

1. Nf3 Nf6 2. g3 g6 3. Bg2 Bg7 4. O-O O-O 5. d4 d6 6. Nc3 Nbd7 7. a4 a5 8. e4 e5 9. h3 Re8 10. Re1 c6 11. Be3 exd4 12. Bxd4 Qc7 13. Nd2 b6 14. f4 Ba6 15. Qf3 Re7 16. Qf2 Rae8 17. g4 h6 18. Rad1 Qb8 19. Nf1 c5 20. Bxf6 Nxf6 21. Ng3 b5 22. axb5 Bxb5 23. Nxb5 Qxb5 24. Rxd6 Qxb2 25. e5 Nh7 26. Qxc5 Bf8 27. Qc4 Re6 28. Rxe6 Rxe6 29. Bd5 Qb6+ 30. Kg2 Re7 31. Ne4 Rc7 32. Rb1 Qa7 33. Qd3 Kh8 34. f5 gxf5 35. gxf5 a4 36. h4 a3 37. c3 Rd7 38. e6 fxe6 39. fxe6 Rg7+ 40. Kh3 Be7 41. Qd4 a2 42. Ra1 Qb8 43. Rxa2 Qf4 44. Ra8+ Nf8 45. Qf2 Qg4+ 46. Kh2 Rg8 47. c4 h5 48. Re8 Qg7 49. Qf3 Qe5+ 50. Kh3 Nxe6 51. Rxg8+ Kxg8 52. Qg3+ Qxg3+ 53. Nxg3 Kf7 54. Ne4 1-0

[Event "BL 2425 SF Bad Mergentheim - Schachfreun"]
[Site "?"]
[Date "2024.12.01"]
[Round "4.4"]
[White "Razafindratsima, Timothe"]
[Black "Gledura, Benjamin"]
[Result "1/2-1/2"]
[WhiteElo "2471"]
[BlackElo "2653"]
[PlyCount "68"]
[EventDate "2024.??.??"]

1. e4 e5 2. Nf3 Nc6 3. Bb5 a6 4. Ba4 Nf6 5. O-O Be7 6. Re1 b5 7. Bb3 d6 8. c3 O-O 9. d4 Bg4 10. d5 Na5 11. Bc2 c6 12. h3 Bc8 13. dxc6 Qc7 14. Nbd2 Qxc6 15. Nf1 Be6 16. Ng3 Nc4 17. b3 Nb6 18. Bd2 a5 19. Qe2 a4 20. Ng5 Bd7 21. Bd3 g6 22. Qf1 Ne8 23. f4 Ng7 24. Kh1 Ne6 25. Nf3 Nxf4 26. Bxf4 exf4 27. Ne2 Qc7 28. Rac1 axb3 29. axb3 Ra3 30. Ned4 Qc5 31. e5 Nd5 32. Bxb5 Bxb5 33. Qxb5 Ne3 34. b4 Qc8 1/2-1/2

[Event "BL 2425 SF Bad Mergentheim - Schachfreun"]
[Site "?"]
[Date "2024.12.01"]
[Round "4.5"]
[White "Kamsky, Gata"]
[Black "Ikonnikov, Vyacheslav"]
[Result "1-0"]
[WhiteElo "2609"]
[BlackElo "2441"]
[PlyCount "95"]
[EventDate "2024.??.??"]

1. d4 Nf6 2. Bf4 e6 3. e3 a6 4. Nd2 c5 5. c3 Nc6 6. Ngf3 cxd4 7. exd4 Be7 8. h3 d6 9. a4 Rb8 10. Be2 O-O 11. O-O b5 12. axb5 axb5 13. Re1 Nd5 14. Bh2 Re8 15. Bd3 Nf6 16. Ne4 g6 17. Nxf6+ Bxf6 18. d5 Ne7 19. dxe6 Bxe6 20. Qd2 Rb6 21. Nd4 Bd7 22. Nc2 Be6 23. Nb4 Qc8 24. Bf4 Rd8 25. Bg5 Bxg5 26. Qxg5 Qd7 27. h4 Rdb8 28. h5 Qd8 29. Qg3 d5 30. Ra7 R8b7 31. Rea1 Nc8 32. Rxb7 Rxb7 33. hxg6 fxg6 34. Ra6 Bf7 35. Ra8 Qd7 36. Na6 Ra7 37. Bxb5 Qe6 38. Rxa7 Nxa7 39. Qb8+ Nc8 40. Nc5 Qe1+ 41. Kh2 Be6 42. Qf4 Bf5 43. Qd4 Ne7 44. b4 h6 45. Nd7 Bxd7 46. Bxd7 Kf7 47. b5 Qe2 48. b6 1-0

[Event "BL 2425 SF Bad Mergentheim - Schachfreun"]
[Site "?"]
[Date "2024.12.01"]
[Round "4.6"]
[White "Neuman, Petr"]
[Black "Banusz, Tamas"]
[Result "1/2-1/2"]
[WhiteElo "2425"]
[BlackElo "2574"]
[PlyCount "120"]
[EventDate "2024.??.??"]

1. Nf3 Nf6 2. c4 e6 3. g3 a6 4. Bg2 b5 5. b3 Bb7 6. Na3 bxc4 7. Nxc4 a5 8. Nce5 Qc8 9. Bb2 Be7 10. Rc1 d6 11. Nc4 Nc6 12. a3 h6 13. O-O O-O 14. d3 Qb8 15. Rc2 Rc8 16. Qa1 Ne8 17. Rfc1 Bf6 18. Bxf6 Nxf6 19. Nfd2 Ne7 20. Bxb7 Qxb7 21. d4 Qb5 22. e3 Qf5 23. f3 Qb5 24. Qc3 Ne8 25. Qd3 Qb7 26. Nb2 Qa7 27. Kg2 Rab8 28. e4 Nf6 29. Nbc4 Nd7 30. Ne3 c6 31. Nec4 d5 32. Nd6 Rd8 33. e5 c5 34. f4 a4 35. dxc5 axb3 36. Nxb3 Qxa3 37. Nb5 Qa6 38. N3d4 Nf5 39. Nxf5 exf5 40. c6 Qxb5 41. Qxf5 g6 42. Qg4 Rbc8 43. cxd7 Rxc2+ 44. Rxc2 Qxd7 45. Qxd7 Rxd7 46. Kf3 Ra7 47. Ke3 Ra4 48. Rd2 Ra5 49. Kd4 h5 50. Rf2 Kg7 51. f5 gxf5 52. Rxf5 Kg6 53. Rf6+ Kg7 54. Rf3 Kg6 55. h4 Kg7 56. Rf5 Kg6 57. Rf6+ Kg7 58. Rf5 Kg6 59. Rf6+ Kg7 60. Rf5 Kg6 1/2-1/2

[Event "BL 2425 SF Bad Mergentheim - Schachfreun"]
[Site "?"]
[Date "2024.12.01"]
[Round "4.7"]
[White "Dautov, Rustem"]
[Black "Vlasak, Lukas"]
[Result "1/2-1/2"]
[WhiteElo "2568"]
[BlackElo "2452"]
[PlyCount "57"]
[EventDate "2024.??.??"]

1. d4 d5 2. c4 e6 3. Nf3 Nf6 4. Nc3 h6 5. cxd5 exd5 6. Bf4 Bd6 7. Bxd6 Qxd6 8. e3 O-O 9. Qc2 c6 10. Bd3 Nbd7 11. O-O Re8 12. Rab1 a5 13. a3 Nb6 14. h3 Bd7 15. Ne5 c5 16. Nxd7 Nbxd7 17. Nb5 Qb6 18. dxc5 Nxc5 19. Rfc1 Nxd3 20. Qxd3 Rac8 21. a4 Rc5 22. Rxc5 Qxc5 23. Qd2 Rc8 24. Qxa5 Ne4 25. Qe1 Qc2 26. Nc3 Nxc3 27. bxc3 Rxc3 28. Rxb7 Rd3 29. Rb1 1/2-1/2

[Event "BL 2425 SV Werder Bremen - SC Viernheim"]
[Site "?"]
[Date "2024.12.01"]
[Round "4.1"]
[White "Sarana, Alexey"]
[Black "Ivic, Velimir"]
[Result "1-0"]
[WhiteElo "2674"]
[BlackElo "2620"]
[PlyCount "118"]
[EventDate "2024.??.??"]

1. d4 Nf6 2. c4 g6 3. Nc3 d5 4. Nf3 Bg7 5. e3 O-O 6. cxd5 Nxd5 7. Be2 c5 8. Qb3 Nxc3 9. bxc3 Nc6 10. O-O Qc7 11. Ba3 b6 12. dxc5 Be6 13. Qa4 Bd7 14. Qh4 Bf6 15. Qg3 Qxg3 16. hxg3 Rfc8 17. Rfd1 Bg4 18. Rac1 Na5 19. Bb4 Nb7 20. cxb6 axb6 21. a3 Na5 22. Nd4 Bxe2 23. Nxe2 Nc4 24. Ra1 h5 25. Rd7 e6 26. Nd4 Rd8 27. Rc7 Rdc8 28. Rb7 Rcb8 29. Rxb8+ Rxb8 30. Kf1 e5 31. Nb3 e4 32. Ke2 Rc8 33. Nd2 Nxd2 34. Kxd2 Kg7 35. Kc2 Rh8 36. a4 Be5 37. Rd1 Kf6 38. Rd7 h4 39. gxh4 Rxh4 40. Rb7 Rh2 41. Rxb6+ Kf5 42. a5 Rxg2 43. a6 Rxf2+ 44. Kb3 Rd2 45. Rb7 f6 46. a7 Rd8 47. Rf7 Ra8 48. Bc5 g5 49. Kc4 Bd6 50. Bxd6 Ke6 51. Rf8 Rxa7 52. Bc5 Rg7 53. Bd4 Rg6 54. Re8+ Kf5 55. Kd5 Rg7 56. Rf8 Rg6 57. Rxf6+ Rxf6 58. Bxf6 Kxf6 59. Kxe4 Ke6 1-0

[Event "BL 2425 SV Werder Bremen - SC Viernheim"]
[Site "?"]
[Date "2024.12.01"]
[Round "4.2"]
[White "Areshchenko, Alexander"]
[Black "Aravindh, Chithambaram VR."]
[Result "0-1"]
[WhiteElo "2606"]
[BlackElo "2718"]
[PlyCount "176"]
[EventDate "2024.??.??"]

1. e4 e5 2. Nf3 Nc6 3. Bb5 Nge7 4. O-O Ng6 5. c3 a6 6. Ba4 d5 7. exd5 Qxd5 8. d4 Bg4 9. dxe5 Qxd1 10. Bxd1 Bxf3 11. Bxf3 Ngxe5 12. Be4 O-O-O 13. Nd2 Bc5 14. Nb3 Bb6 15. Bf4 Nc4 16. Rab1 Rhe8 17. Bf3 f5 18. a4 N6e5 19. Bxe5 Rxe5 20. g3 c6 21. Kg2 g6 22. h3 Kc7 23. g4 a5 24. gxf5 Rxf5 25. Bg4 Rf6 26. Be2 Nd2 27. Nxd2 Rxd2 28. Bf3 Rf4 29. b4 Rd3 30. Bg4 h5 31. Be6 Rf6 32. bxa5 Bxa5 33. Bb3 Rxc3 34. Bd1 Rc4 35. Rb3 Bb6 36. Rf3 Rxf3 37. Kxf3 g5 38. Ke2 Re4+ 39. Kd2 Rf4 40. Bxh5 Rxa4 41. f3 Bc5 42. Kc2 b5 43. Re1 Bd6 44. Re6 Rc4+ 45. Kb3 Rd4 46. Rg6 Bf4 47. Rg7+ Kb6 48. Rg6 Rd3+ 49. Kc2 Rd2+ 50. Kb3 Rd5 51. Re6 Bd6 52. Bg6 Bf4 53. Be4 Rd6 54. Re8 Rh6 55. Bf5 c5 56. Kc3 Bg3 57. Rg8 Be5+ 58. Kb3 Bf4 59. Re8 Rf6 60. Be4 Rf7 61. Rc8 c4+ 62. Kc3 Rd7 63. Rc6+ Ka5 64. Rc8 Be5+ 65. Kc2 Kb4 66. Rf8 Ra7 67. Rf5 Ra2+ 68. Kb1 Ra1+ 69. Kc2 Ra2+ 70. Kb1 Rb2+ 71. Kc1 Bd4 72. Bc6 Ka5 73. Rd5 Bc3 74. Rxg5 Bd2+ 75. Kxb2 Bxg5 76. Be8 b4 77. Bf7 Bf6+ 78. Kb1 Kb5 79. f4 b3 80. Be6 Kb4 81. Bg4 c3 82. Bf5 Bh4 83. Be4 Kc4 84. Bh7 Bg3 85. Bg8+ Kb4 86. Bh7 Bxf4 87. h4 Kc5 88. h5 Kd4 0-1

[Event "BL 2425 SV Werder Bremen - SC Viernheim"]
[Site "?"]
[Date "2024.12.01"]
[Round "4.3"]
[White "Anton Guijarro, David"]
[Black "Efimenko, Zahar"]
[Result "1/2-1/2"]
[WhiteElo "2673"]
[BlackElo "2557"]
[PlyCount "160"]
[EventDate "2024.??.??"]

1. c4 Nf6 2. Nf3 e6 3. g3 d5 4. Bg2 dxc4 5. Qa4+ Nbd7 6. Qxc4 c5 7. d3 Bd6 8. a4 O-O 9. Nc3 a6 10. a5 b5 11. axb6 Nxb6 12. Qa2 Bb7 13. O-O h6 14. Nd2 Bxg2 15. Kxg2 Nfd5 16. Nc4 Be7 17. Kg1 Qc7 18. Nxd5 Nxd5 19. Bd2 Rfb8 20. Qa4 Qb7 21. Ra2 Bf6 22. Qc2 Qb3 23. Qxb3 Rxb3 24. Rc1 Nb6 25. Nxb6 Rxb6 26. Rc2 Rab8 27. Bc1 Rb5 28. Rxa6 Bxb2 29. Rc6 Bxc1 30. Rxc1 Rb2 31. Kf1 Rd2 32. R6xc5 Rbb2 33. Re5 Rdc2 34. Rxc2 Rxc2 35. h4 g6 36. g4 Kg7 37. d4 Kf6 38. g5+ Kg7 39. e3 Ra2 40. Rc5 Rb2 41. Kg2 Rb1 42. Rc7 h5 43. Rc8 Re1 44. Ra8 Kh7 45. Ra5 Kg7 46. Re5 Kf8 47. Re4 Rd1 48. Kf3 Rd2 49. Rf4 Ke7 50. Ke4 Ra2 51. Rf3 Rb2 52. Ke5 Rb5+ 53. Kf4 Rb4 54. Rh3 Kd6 55. Ke4 Rb2 56. f3 Ke7 57. Rh1 Re2 58. Kf4 Rd2 59. Ke5 Rf2 60. f4 Re2 61. e4 Kf8 62. Ra1 Kg7 63. Ra7 Re1 64. Rb7 Re2 65. Rc7 Re1 66. Ra7 Re2 67. Ra5 Re1 68. Ra6 Re2 69. d5 exd5 70. Kxd5 Rh2 71. f5 gxf5 72. exf5 Rxh4 73. Ra7 Kg8 74. Ke5 Rb4 75. Ra6 Kg7 76. Rh6 h4 77. f6+ Kg8 78. Kf5 Ra4 79. Rh5 Rb4 80. Rh6 Ra4 {Ke4} 1/2-1/2